Τα οικονομικά της ευρωπαϊκής ολοκλήρωσης
Αποθηκεύτηκε σε:
| Κύριος συγγραφέας: | |
|---|---|
| Άλλοι συγγραφείς: | , , |
| Μορφή: | Βιβλίο |
| Γλώσσα: | Greek English |
| Δημοσίευση: |
Αθήνα :
Τζιόλας,
2017, 2022.
|
| Έκδοση: | 5η έκδ. |
| Θέματα: | |
| Ετικέτες: |
Προσθήκη ετικέτας
Δεν υπάρχουν, Καταχωρήστε ετικέτα πρώτοι!
|
MARC
| LEADER | 00000cam a2200000 a 4500 | ||
|---|---|---|---|
| 001 | 1/114642 | ||
| 008 | 170818m20172021gr ad ||| |||| ||gre|| | ||
| 020 | |a 9789604186433 | ||
| 040 | |a GR-MyUa |b gre |c GR-MyUa |e AACR2 | ||
| 041 | 1 | |a gre |h eng | |
| 082 | 7 | |a 337.142 |2 (23) | |
| 100 | 1 | |a Baldwin, Richard E. | |
| 245 | 1 | 3 | |a Τα οικονομικά της ευρωπαϊκής ολοκλήρωσης / |c Richard Baldwin, Charles Wyplosz ; επιστημονική επιμέλεια: Κωνσταντίνος Ι. Καρφάκης ; μετάφραση: Γεωργία Π. Ψαθή. |
| 250 | |a 5η έκδ. | ||
| 260 | |a Αθήνα : |b Τζιόλας, |c 2017, 2022. | ||
| 300 | |a xvi, 751 σ. : |b εικ., διαγρ. ; |c 24 εκ. | ||
| 500 | |a Τίτλος πρωτοτύπου: The economics of European integration, 5th edition. | ||
| 504 | |a Περιλαμβάνει βιβλιογραφικές παραπομπές και ευρετήριο. | ||
| 650 | 0 | |a Eurozone. | |
| 651 | 0 | |a European Union countries |x Economic integration. | |
| 700 | 1 | |a Wyplosz, Charles. | |
| 700 | 1 | |a Ψαθή, Γεωργία Π. |e trlf | |
| 700 | 1 | |a Καρφάκης, Κωνσταντίνος Ι. |e edt | |
| 852 | |a INST |b CHIOS |c EUDOXUS |e 20191223 |h 337.142 BAL |p 005200039253 |q 005200039253 |t EDX |y 10 | ||
| 852 | |a INST |b CHIOS |c EUDOXUS |e 20210921 |h 337.142 BAL |p 005200039632 |q 005200039632 |t EDX |y 0 | ||
| 852 | |a INST |b CHIOS |c EUDOXUS |e 20191014 |h 337.142 BAL |p 005200040113 |q 005200040113 |t EDX |y 0 | ||
| 852 | |a INST |b LESVOS |c EUDOXUS |e 20170818 |h 337.142 BAL |p 005100059717 |q 005100059717 |t EDX |y 0 | ||
| 852 | |a INST |b RHODES |c EUDOXUS |e 20210510 |h 337.142 BAL |p 005400042020 |q 005400042020 |t EDX |y 0 | ||
| 852 | |a INST |b RHODES |c EUDOXUS |e 20210510 |h 337.142 BAL |p 005400042021 |q 005400042021 |t EDX |y 0 | ||
| 852 | |a INST |b RHODES |c EUDOXUS |e 20220503 |h 337.142 BAL |p 005400042747 |q 005400042747 |t EDX |y 0 | ||
| 852 | |a INST |b RHODES |c EUDOXUS |e 20221216 |h 337.142 BAL |p 005400043170 |q 005400043170 |t EDX |y 0 | ||
| 920 | |a Εύδοξος |b Παραγγελία |y Ρόδος-ΤΜΣ |z 2022-05 | ||
| 920 | |a Εύδοξος |b Παραγγελία |y Ρόδος-ΤΜΣ |z 2022-12 | ||
| 920 | |a Εύδοξος |b Παραγγελία |y Ρόδος-ΤΜΣ |z 2021-05 | ||
| 920 | |a Εύδοξος |b Επιστροφή |y Χίος |z 2019-10 | ||
| 920 | |a Εύδοξος |b Παραγγελία |y Λέσβος-ΤΚ |z 2017-05 | ||
| 920 | |a Εύδοξος |b Επιστροφή |y Χίος |z 2019-12 | ||
| 970 | |z 18/08/2017 | ||